Guess the Singer - Statistics

General Stats
  • This quiz has been taken 811 times
  • The average score is 26 of 40
Answer Stats
SONG SINGER % Correct
Shake It Off Taylor Swift
91%
Roar Katy Perry
90%
Bad Guy Billie Eilish
86%
Baby Justin Bieber
86%
Bad Romance Lady Gaga
86%
Blinding Lights The Weeknd
85%
Levitating Dua Lipa
83%
Toxic Britney Spears
82%
Shape Of You Ed Sheeran
82%
Summertime Sadness Lana Del Rey
80%
Diamonds Rihanna
80%
Slim Shady Eminem
79%
Wrecking Ball Miley Cyrus
75%
God's Plan Drake
73%
Tik Tok Kesha
72%
Lazy Song Bruno Mars
71%
Someone Like You Adele
70%
I Want It That Way Backstreet Boys
69%
Viva La Vida Coldplay
69%
Smooth Criminal Michael Jackson
69%
Halo Beyonce
68%
Starships Nicki Minaj
68%
Say So Doja Cat
65%
All Of Me John Legend
62%
Sugar Maroon 5
62%
Thunder Imagine Dragons
61%
Counting Stars OneRepublic
60%
Montero Lil Nas X
56%
Best Song Ever One Direction
55%
One Last Time Ariana Grande
54%
Attention Charlie Puth
54%
Girls On Fire Alicia Keys
53%
I Gotta Feeling Black Eyed Peas
48%
Shout Out To My Ex Little Mix
47%
On The Floor Jennifer Lopez
46%
Whistle Flo Rida
41%
Vogue Madonna
41%
Complicated Avril Lavigne
40%
Boom Clap Charlie XCX
34%
Watcha Say Jason Derulo
34%
No matching quizzes found
Score Distribution
Percent of People with Each Score
Percentile by Number Answered
Your Score History
You have not taken this quiz